| 000 | 02066nam0a2200397 i 4500 | ||
|---|---|---|---|
| 001 | RU\NLR\BIBL_A\010545712 | ||
| 005 | 20260407093722.0 | ||
| 010 |
_a9785890169310 _9500 |
||
| 021 |
_aRU _b2014-72504 _94445 |
||
| 035 | _a(NLR Aleph) 010545712 | ||
| 090 |
_a10315156 _c10315156 |
||
| 100 | _a20141127d2013 k y0rusy50 ca | ||
| 101 | 0 |
_arus _deng |
|
| 102 | _aRU | ||
| 105 | _ay z 000yy | ||
| 200 | 1 |
_aКлинико-психологические аспекты репродуктивного здоровья семьи _dClinico-psychological aspects of the reproductive health of the family _eколлективная монография _f[к.пс.н. Т.В. Юрьева, к.пс.н. М.Г. Рябова, к.пс.н. Е.С. Дьячкова и др.] _gМ-во образования и науки Рос. Федерации, Федер. гос. бюджет. образоват. учреждение высш. проф. образования "Тамбовский гос. ун-т им. Г.Р. Державина" _zeng |
|
| 210 |
_aТамбов _cИзд-во ТГУ _d2013 |
||
| 215 |
_a110 с. _d21 |
||
| 300 | _aРез. на англ. яз. | ||
| 320 | _aБиблиогр. в конце гл. | ||
| 510 | 1 |
_aClinico-psychological aspects of the reproductive health of the family _zeng |
|
| 606 |
_aРепродуктивное здоровье _92190608 _3RU\NLR\AUTH\661316862 |
||
| 686 | 1 | _aР11(2)062.71 | |
| 686 | 1 | _aР11(2)062.69 | |
| 686 | 1 | _aР11(2)43 | |
| 686 | 1 | _aР11(2)286.9 | |
| 686 | 1 | _aЮ948 | |
| 701 | 1 |
_aЮрьева _bТ.В. _gТатьяна Владиславовна |
|
| 701 | 1 |
_aРябова _bМ.Г. _gМария Геннадьевна |
|
| 701 | 1 |
_8rus _7ca _aДьячкова _bЕ. С. _gЕлена Станиславовна _3RU\NLR\AUTH\7761596 _944526 |
|
| 712 | 0 | 2 |
_4570 _aТамбовский государственный университет им. Г. Р. Державина _3RU\NLR\AUTH\889917219 _9330608 |
| 942 | _cBOOK | ||
| 980 | _aNBR | ||